000 01173nam a2200277Ia 4500
003 OSt
005 20220923211514.0
006 a|||||r|||| 00| 0
007 ta
008 220922b |||||||| |||| 00| 0 san d
020 _a9789380326610 (hbk)
_c300
024 _a281,740
037 _b186, 24/10/2014, Vidyanidhi Prakashan
_cTextual
040 _aARTS
_cARTS
_bsan
041 _2san
_asan
082 _aR663x3,4, 15Q1
100 _aगुप्त, अभिनव; चतुर्वेदी, शशिशेखर, संपा.
_9160649
245 0 _aअभिनवस्तोत्रावलिः
246 _aAbhinavastotrāvaliah
260 _aवाराणसी
_b चौखम्भा सुरभारती संस्थान
_c2011
300 _a84पृ0
_ccm.
490 _aचौखम्बा सुरभारती ग्रन्थमाला; 502
650 _aभारतीय दर्शन
942 _hR663x3,4, 15Q1
_cTEXL
_2CC
999 _c300234
_d300234